Vista normal
Vista MARC
Entrada Personal Name
Número de registros utilizados en: 1
001 - CONTROL NUMBER
- control field: 16467
003 - CONTROL NUMBER IDENTIFIER
- control field: DLC
005 - DATE AND TIME OF LATEST TRANSACTION
- control field: 20241115091558.0
008 - FIXED-LENGTH DATA ELEMENTS
- fixed length control field: 830411n| azannaab| |a aaa
010 ## - LIBRARY OF CONGRESS CONTROL NUMBER
- LC control number: n 83042142
016 ## - NATIONAL BIBLIOGRAPHIC AGENCY CONTROL NUMBER
- Record control number: 10131K2626E
035 ## - SYSTEM CONTROL NUMBER
- System control number: (OCoLC)oca00930438
040 ## - CATALOGING SOURCE
- Original cataloging agency: DLC
- Language of cataloging: spa
- Description conventions: rda
- Transcribing agency: Mx-PuUPA
- Modifying agency: Uk
- Modifying agency: CaOONL
- Modifying agency: Mx-PuUPA
042 ## - AUTHENTICATION CODE
- Authentication code: nlc
046 ## - SPECIAL CODED DATES
- Birth date: 1820
- Death date: 1848
- Source of date scheme: edtf
100 1# - HEADING--PERSONAL NAME
- Personal name: Ruxton, George Frederick,
- Dates associated with a name: 1820-1848
374 ## - OCCUPATION
- Occupation: Autor
375 ## - GENDER
- Gender: hombre
377 ## - ASSOCIATED LANGUAGE
- Language code: eng
378 ## - FULLER FORM OF PERSONAL NAME
- Fuller form of personal name: George Frederick Augustus
400 1# - SEE FROM TRACING--PERSONAL NAME
- Control subfield: nne
- Personal name: Ruxton, George Frederick Augustus,
- Dates associated with a name: 1820-1848
400 1# - SEE FROM TRACING--PERSONAL NAME
- Personal name: Ruxton, George F.
- Fuller form of name: (George Frederick Augustus),
- Dates associated with a name: 1820-1848
670 ## - SOURCE DATA FOUND
- Source citation: His Life in the Far West, 1983:
- Information found: CIP t.p. (George Frederick Ruxton)
670 ## - SOURCE DATA FOUND
- Source citation: OCLC July 24, 2019
- Information found: (access points: Ruxton, George Frederick; Ruxton, George Frederick (George Frederick Augustus), 1820-1848; predominant usage: George Frederick Ruxton; other usage: George F[rederick] Ruxton; F.G. Ruxton)